The Scope of American linguistics : papers of the first Golden Anniversary Symposium of the Linguistic Society of America, held at the University of Massachusetts, Amherst, on July 24 and 25, 1974 /

Uloženo v:
Podrobná bibliografie
Korporativní autor: Linguistic Society of America
Další autoři: Austerlitz, Robert Paul, 1923-
Médium: Kniha
Jazyk:English
Vydáno: Lisse : Peter de Ridder Press, 1975.
Témata:
LEADER 01102nam a2200265 i 4500
001 c000327812
003 CARM
005 00000000000000.0
008 760923s1975 ne b 10000 eng
015 |a Ne*** 
019 1 |a 789955  |5 LACONCORD2021 
020 |c fl 18.00 
035 |a (OCoLC)2524278  |5 LACONCORD2021 
050 0 0 |a P23  |b .S3 
245 0 4 |a The Scope of American linguistics :  |b papers of the first Golden Anniversary Symposium of the Linguistic Society of America, held at the University of Massachusetts, Amherst, on July 24 and 25, 1974 /  |c edited by Robert Austerlitz. 
260 |a Lisse :  |b Peter de Ridder Press,  |c 1975. 
300 |a 209 p. :  |b graphs ;  |c 24 cm. 
504 |a Includes bibliographies. 
650 0 |a Linguistics  |x Congresses. 
700 1 |a Austerlitz, Robert Paul,  |d 1923- 
710 2 |a Linguistic Society of America. 
852 8 |b CARM  |h A1:AN07D0  |i C09676  |p 0416115  |f BK 
082 0 4 |a 410 
999 f f |i 4b3f2cff-740e-5000-a3bc-e6a99ac7580c  |s 93dce9ad-8f14-5ad4-954b-86b857800169 
952 f f |p Can circulate  |a CAVAL  |b CAVAL  |c CAVAL  |d CARM 1 Store  |e C09676  |f A1:AN07D0  |h Other scheme  |i book  |m 0416115